Annals of public and co-operative economy

Gespeichert in:
Bibliographische Detailangaben
Format: Schriftenreihe
Sprache:Englisch
Veröffentlicht: Liége International Centre of Research and Inf. of Public and Co-operative Economy
Tags: Tag hinzufügen
Keine Tags, Fügen Sie das erste Tag hinzu!

MARC

LEADER 00000nas1a22000001 4500
001 s120413
005 20041019155345.8
041 0 |a eng 
044 |a BE 
245 1 0 |a Annals of public and co-operative economy 
264 1 |a Liége  |b International Centre of Research and Inf. of Public and Co-operative Economy